000 00464nam a2200157 i 4500
001 83489
003 ES-MaACL
007 t|
008 041117s1984 sp ||||1| spa d
245 0 0 _aIntroducción a la crítica literaria actual /
_ccoordinador, Pedro Aullón de Haro.
260 _a[Madrid] :
_bPlayor,
_c[1984]
300 _a402 p. ;
_c24 cm.
700 1 _aAullón de Haro, Pedro
_923910
852 _aES-MaACL
_jL-6363
_bR.106999
999 _c83489
_d83489